Сглоби спортен автомобил : научи всичко за бързите автомобили с 4 лесни за сглобяване модела (Запис номер 437084)
[ съкратено ]
| 000 -Лидер | |
|---|---|
| Контролно поле с фиксирана дължина | 00915nam a2200217 a 4500 |
| 003 - Код на организацията, давaща контролен номер | |
| Контролно поле | BLK |
| 005 - Дата и час на последна редакция | |
| Контролно поле | 20240713113708.0 |
| 008 - Елементи от данни с фиксирана дължина | |
| fixed length control field | 211116b bu |||||r|||| 00| | bu d |
| 020 ## - Международен стандартен номер на книга ISBN | |
| Международен стандартен номер на книга ISBN | 9789542616603 |
| 040 ## - Източник на каталожния запис | |
| Идентификатор на билиотеката - собственик на записа | BLK |
| 041 ## - Код за език | |
| Код за езика на текст/звукозапис или на отделно заглавие | Български |
| Код за езика КДБФ | Български |
| 080 ## - УДК | |
| Текстов определител УДК | Техника. Технически науки |
| УДК код - определител по УДК | 62 |
| УДК определител | :087.5 |
| УДК - код + определител | 62:087.5 |
| 139 ## - Редно поле | |
| Редна дума | Сглоби спортен автомобил |
| Авторски знак | Сг - С 28 |
| 245 ## - Сведения за заглавието | |
| Заглавие | Сглоби спортен автомобил : научи всичко за бързите автомобили с 4 лесни за сглобяване модела |
| Редно поле (дума) | ил. Мат Едуардс |
| 260 ## - Област на издателските данни | |
| 9 (RLIN) | 209439 |
| Място на издаване, разпространение и проч. | Пловдив |
| Име на издателя, разпространителя и проч. | Хермес |
| Година на издаване | 2017 |
| Издателство - префикс ISBN | 978-954-26- ; 978-954-459- |
| 300 ## - Физическа характеристика | |
| Страници | [8] с. |
| Илюстрации и др. | с цв. ил. |
| Размери/Мащаб | 22 x 22 см |
| 380 ## - Жанр | |
| Жанр | Детска отраслова лит. |
| 700 ## - Други автори (авторска отговорност) | |
| 9 (RLIN) | 599 |
| Лично име | Едуардс, Мат |
| Автороска отговорност (Описва отношението между автора и произведението) | ил. |
| 999 ## - СИСТЕМНИ КОНТРОЛНИ НОМЕРА | |
| Koha biblionumber | 437084 |
| Koha biblioitemnumber | 437084 |
| 942 ## - АРТИКУЛИ | |
| Вид на библиотечния материал | Книги |
| Скрит в OPAC | Не |
| Периодичен библиозапис | Да |
| Koha issues (borrowed), all copies | 4 |
| 944 ## - СЪЗДАВАНЕ И РЕДАКЦИЯ на ЗАПИСА | |
| Създаване/Редакция | Създаване |
| Дата на регистрацията/редакция | 2021-11-16 |
| Служител, извършил регистрацията/редакцията | 30532 |
| Статус, дата на статуса | Лиляна Коева |
| Код за отписване | Код за изгубен артикул | Източник на класификационната схема | Код за повреда | Коз за рестрикции | Код за отдаване | Артикулен № | Име на библиотеката - собственик | Име на библиотеката, в която се намира в момента | Статус (Текущо местоположение) | Дата на вписване в системата | Местоположение - отдел | Цена в лева | Систематично азбучна сигнатура | Баркод | Цена в евро | Служебен тип на артикула |
|---|---|---|---|---|---|---|---|---|---|---|---|---|---|---|---|---|
| Не е изгубен | Universal Decimal Classification | Не е повреден | без рестрикции | заемане за дома | 862465 | Регионална библиотека "Любен Каравелов" Русе | Регионална библиотека "Любен Каравелов" Русе | Детски отдел | 2021-11-16 | Детски отдел | 8.37 | 62/С 28 | 120000862794 | 4.28 | Книги | |
| Не е изгубен | Universal Decimal Classification | Не е повреден | без рестрикции | заемане за дома | 862466 | Регионална библиотека "Любен Каравелов" Русе | Регионална библиотека "Любен Каравелов" Русе | Детски отдел | 2021-11-16 | Детски отдел | 8.37 | 62/С 28 | 120000862793 | 4.28 | Книги |